• 首页
  • 本馆介绍
  • 公告通知
  • 最新文献
  • 馆藏检索
  • 电子资源
  • 读者导购
  • 参考咨询
  • 我的图书馆
  • 登录
  • 详细信息显示
  • 放入我的书架
  • 预约/预借图书
  • 作者相关作品
  • 分类相关作品
  • 丛书相关作品
  • 出版社相关作品

书目信息

  • 表格格式
  • 工作单格式
  • 卡片格式
题名:
水生蔬菜安全生产技术指南
    
 
作者: 柯卫东 , 刘义满 , 黄新芳 主编
分册:  
出版信息: 北京   中国农业出版社  2014
页数: 159页
开本: 21cm
丛书名:
单 册:
中图分类: S645
科图分类:
主题词: 水生蔬菜--蔬菜园艺--基本知识 , 水生蔬菜 , 蔬菜园艺
电子资源:
ISBN: 978-7-109-18437-4
000 01014nam0 2200289 450
001 012015000804
005 20150914162109.76
010    @a978-7-109-18437-4@dCNY20.00
100    @a20140429d2014 em y0chiy50 ea
101 0  @achi
102    @aCN@b110000
105    @aa z 000yy
106    @ar
200 1  @a水生蔬菜安全生产技术指南@Ashui sheng shu cai an quan sheng chan ji shu zhi nan@f柯卫东,刘义满,黄新芳主编
205    @a2版
210    @a北京@c中国农业出版社@d2014
215    @a159页@c彩图@d21cm
330    @a本书从生物学特性、类型与品种、栽培技术等三个方面,介绍了莲藕、茭白、芋头、雍菜、荸荠、慈姑水芹、菱角、豆瓣菜、莼菜、芡实、蒲菜以及蒌蒿等13类水生疏菜安全生产技术。
606 0  @a水生蔬菜@x蔬菜园艺@x基本知识
606 0  @a水生蔬菜
606 0  @a蔬菜园艺
690    @aS645@v5
701  0 @a柯卫东@Ake wei dong@f(1963~)@4主编
701  0 @a刘义满@Aliu yi man@4主编
701  0 @a黄新芳@Ahuang xin fang@f(1968~)@4主编
801  0 @aCN@b碧洲教育@c20150718
905    @a10447@f4@dS645@e331=2
    
    水生蔬菜安全生产技术指南/柯卫东,刘义满,黄新芳主编.-2版.-北京:中国农业出版社,2014
    159页:彩图;21cm
    
    
    ISBN 978-7-109-18437-4:CNY20.00
    本书从生物学特性、类型与品种、栽培技术等三个方面,介绍了莲藕、茭白、芋头、雍菜、荸荠、慈姑水芹、菱角、豆瓣菜、莼菜、芡实、蒲菜以及蒌蒿等13类水生疏菜安全生产技术。
●
相关链接 在E读中查询图书 在五车中查询图书 在当当中查询图书 在豆瓣中查询图书


正题名:水生蔬菜安全生产技术指南     索取号:S645/331=2         预约/预借

序号 登录号 条形码 馆藏地/架位号 状态 备注
1 0847967   208479671   第二样本阅览室/ [索取号:S645/331=2] 在馆    
2 0847968   208479680   密集书库-生命科学系/ [索取号:S645/331=2] 在馆    
3 0847969   208479699   第三借阅区/ [索取号:S645/331=2] 在馆    
4 0847970   208479706   第三借阅区/ [索取号:S645/331=2] 在馆    
唐山师范学院图书馆 欢迎您!
大连网信软件有限公司© 版权所有